000 00491cam a22001934a 4500
005 20250605164246.0
008 250528s ||||||||||||||||||||||||d
035 _a21526
020 _a9780751770155
040 _aGR-AtMCL
_bgre
_dGR-AtMCL
_eAACR2
245 1 _aBTEC HIGHER NATIONAL IN BUSINESS CORE MODULE 6 PLANNING AN DECISION MAKING
250 _a1
260 _bBpp,
_c1996
300 _a260
700 1 _aBrown Peter
_97520
942 _cBK
999 _c6588
_d6588